NBA Players With The Most 30+ point games - Statistics

General Stats
  • This quiz has been taken 145 times
  • The average score is 12 of 16
Answer Stats
Amount of Times Answer % Correct
571* LeBron James
99%
562 Michael Jordan
99%
431 Kobe Bryant
95%
311* Stephen Curry
93%
516 Wilt Chamberlain
92%
429 Kareem Abdul-Jabbar
89%
409* Kevin Durant
89%
313 Shaquille O'Neal
88%
330* James Harden
87%
350 Jerry West
83%
435 Karl Malone
75%
345 Allen Iverson
64%
343 Elgin Baylor
51%
387 Oscar Robertson
50%
346 Dominique Wilkins
30%
314 Adrian Dantley
16%
No matching quizzes found
Score Distribution
Percent of People with Each Score
Percentile by Number Answered
Your Score History
You have not taken this quiz